00303cam a22000857a 4500008004000000020001800040100003000058245009900088260003000187180718b2003 xxu||||| |||| 00| 0 eng d a81 7917 029 2 aAhmed (S.), imtiyaj Ahmed aBharat ke musalmano main jativayvastha aur samajik istarikaranceditedby by imtiyaj Ahmed (S.) aDelhibGeanth Silpyc2003